000 00421nam a2200121Ia 4500
008 231129s9999||||xx |||||||||||||| ||spa||
020 _a978-958-58231-3-6
082 _a363.69861 R364i
100 _aReina Mendoza Sandra
245 0 _aIglesia del voto nacional: La paz y el Sagrado Corazón
264 _aBogotá Colombia : Instituto Distrital de Patrimonio Cultural
942 _2ddc
_cBKS
999 _c15569
_d15569